L'illusion du préfet Mucius : conte de l'an 80 de N.S J.C /

Bibliographic Details
Main Author: Bertrand, Adrien, 1888-1917 (Author)
Other Authors: Jou, Louis (Illustrator)
Format: Book
Language:French
Published: Nancy : Berger-Levrault, 1917, [1919]
Subjects:

MARC

Tag First Indicator Second Indicator Subfields
LEADER 00000cam a2200000 i 4500
001 in00002716613
005 20190118160826.0
008 110915t19171919fr a 000 1 fre c
035 |a (OCoLC)ocm39055527 
040 |a NOC  |b eng  |e rda  |c NOC  |d OCL  |d OCLCG  |d OCLCQ  |d TXA 
035 |a (OCoLC)39055527 
042 |a pcc 
050 4 |a PQ2603.E736  |b I44 1919 
049 |a TXAM 
100 1 |a Bertrand, Adrien,  |d 1888-1917,  |e author. 
245 1 2 |a L'illusion du préfet Mucius :  |b conte de l'an 80 de N.S J.C /  |c Adrien Bertrand ; illustre par L. Jou. 
264 1 |a Nancy :  |b Berger-Levrault,  |c 1917, [1919] 
264 4 |c ©1919 
300 |a 10 unnumbered pages, 121 pages, 5 unnumbered pages :  |b illustrations ;  |c 25 cm 
336 |a text  |b txt  |2 rdacontent 
337 |a unmediated  |b n  |2 rdamedia 
338 |a volume  |b nc  |2 rdacarrier 
500 |a On wrapper: "Orné de gravures sur bois de L. Jou." Title page is also a woodblock print. 
500 |a "Il a été tiré de cet ouvrage quatre cent exemplaires numérotés: ... Trois cent exemplaires sur papier des Manufactures d'Arches, nos. 71 à 400"--Verso of half-title. 
500 |a The Cushing Library/Dawson French copy is number 144.  |5 TXA 
655 7 |a War fiction.  |2 lcgft 
655 7 |a Woodcuts  |z France  |y 20th century.  |2 aat 
700 1 |a Jou, Louis,  |e illustrator. 
948 |a cataloged  |b h  |c 2019/1/18  |d enhance  |e fpiscitelli  |f 4:08:03 pm 
994 |a C0  |b TXA 
999 f f |s f46e7f30-6734-3583-b967-21b0bc37ad15  |i ff2237e4-02f5-3ee1-9231-578ce90510ab  |t 0 
952 f f |p noncirc  |a Texas A&M University  |b College Station  |c Cushing Memorial Library & Archives  |d Cushing: Dawson French (Does not check out)  |t 0  |e PQ2603.E736 I44 1919  |h Library of Congress classification  |i unmediated -- volume 
998 f f |a PQ2603.E736 I44 1919  |t 0  |l Cushing: Dawson French (Does not check out)